Napoleonic Quiz - Statistics

General Stats
  • This quiz has been taken 252 times
    247 since last reset
  • The average score is 16 of 50
Answer Stats
Hint Answer % Correct
Year crowned emperor 1804
94%
Number of Coalitions against France 7
91%
Where he was exiled next, and later died there. St Helena
88%
Where he was first exiled. Elba
87%
Name of the French Emperor, "The Little Corporal" Napoleon Bonaparte
73%
Name of Napoleon's Army Grande Armee
63%
Napoleon's Height 5'6
57%
Where Napoleon was finally defeated, ending Seventh Coalition Battle of Waterloo
56%
Year France invaded Portugal 1807
55%
Year France invaded Russia 1812
54%
Napoleon's Greatest Victory, ends Third coalition Battle of Austerlitz
53%
Name of Napoleon's elite soldiers. Imperial Guard
49%
Name of the Russian Emperor Alexander I
46%
1st Duke of Wellington, defeated Napoleon at Waterloo and in Spain Arthur Wellesley
46%
French system employed to blockade British ships Continental System
46%
One armed British admiral, defeated the French. Horatio Nelson.
46%
French defeated at sea, ruins British invasion plans. Battle of Trafalgar
45%
Battle that lead to Moscow's capture, Napoleon's bloodiest battle Battle of Borodino
37%
War fought over the Iberian Peninsular Peninsular War
37%
Year the war of the Six Coalition begins. 1813
32%
Biggest European battle prior to WW1, peak of German Campaign Battle of Leipzig
31%
Name of the Austrian Emperor, Last Holy Roman Emperor Francis II
28%
Time period after Napoleon's return from exile. Hundred Days
24%
Territory sold to the US for $15 million. Louisiana Purchase
23%
Where Napoleon defeated Prussia, Fourth Coalition Battle of Jena
21%
Indecisive battle between the French and Russians, Fourth Coalition Battle of Eylau
19%
Battle that ended the War of the Sixth Coalition, resulting in first exile Battle of Paris.
19%
Battle that ended Fifth Coalition. Battle of Wagram
19%
Napoleon's Marshal, "The Bravest of the Brave" Marshal Ney
19%
Where Napoleon defeated Russia, ending Fourth Coalition Battle of Friedland
18%
Kingdom neutral during Third coalition. Prussia
18%
King of Spain under French Occupation, Joseph Bonaparte
17%
Battle where allies retake Madrid Battle of Salamanca
16%
French backed state that was formed afterwards Confederation of the Rhine
16%
Name of the Prussian King Frederick William III
16%
Treaties signed after Fourth Coalition, sanctioning Prussia Treaties of Tilsit
16%
First major Franco-Russian engagement Battle of Smolensk.
15%
Spanish city/port besieged by 70,000 French soldiers Cadiz
14%
Napoleon's first major loss, Fifth Coalition Battle of Aspern
11%
Last French engagement in Russia. Battle of Berezina.
10%
Battle which won the allies the war Battle of Vitoria
10%
King of Spain Ferdinand VII
8%
Napoleon's "Iron Marshal", the most loyal and his best marshal. Louis Davout.
7%
What Napoleon dubbed the war in Spain The Spanish Ulcer
5%
Month and Year it was signed December, 1805
4%
Treaty signed after Third Coalition ends, sanctioning Austria Treaty of Pressburg
4%
Month and year it was signed July, 1807
3%
Treaty afterwards which severely diminished Austria Treaty of Schonbrunn
2%
Council where Europe's borders were redrawn. Vienna Council
2%
Napoleon's supposed losses in Russia. 400,000 Soldiers
0%
No matching quizzes found
Score Distribution
Percent of People with Each Score
Percentile by Number Answered
Your Score History
You have not taken this quiz since the last reset